| 000 | 00969nam a2200289 a 4500 | ||
|---|---|---|---|
| 001 | 25303 | ||
| 003 | CO-ViMGA | ||
| 005 | 20230915232051.0 | ||
| 008 | 141112s2004 ck r 000 u spa d | ||
| 015 | _ack - 1996 - xxxx | ||
| 020 | _a9589272703 | ||
| 035 | _aAFS4125 LA | ||
| 040 |
_aCO-ViMGA _bspa _cCO-ViMGA |
||
| 041 | _aspa | ||
| 043 | _as - ck - - - | ||
| 082 | 0 | 4 | _a324.72 M324 |
| 100 | 1 |
_aMedina, Medófilo, 1944 - _938573 |
|
| 245 | 1 | 0 |
_aNuevas formas de participación política / _cMedófilo Medina. |
| 260 |
_a[Bogotá] : _bFescol, _cIepri, _c1996. |
||
| 300 | _a59 p. ; 20 cm. | ||
| 650 | 1 | 4 |
_aParticipación política - Colombia. _918300 |
| 700 | 1 |
_aJaramillo, Ana María _938574 |
|
| 700 | 1 |
_aVelásquez, Fabio E. _938575 |
|
| 942 |
_2ddc _cBK |
||
| 949 | _ac n | ||
| 999 |
_c32912 _d32912 |
||